LEADER 01096nam2-2200349---450- 001 990002853790203316 005 20091015094317.0 035 $a000285379 035 $aUSA01000285379 035 $a(ALEPH)000285379USA01 035 $a000285379 100 $a20070112h2001----km-y0itay50------ba 101 $aeng 105 $a||||||||001yy 200 1 $a<<1.>> : Theoretical basis of criminal liability$fHenrietta J.A.N. Mensa-Bonsu 210 $aCantonments, Accra$cBlack Mask$dcopyr. 2001 215 $aXVI, 532 p.$d23 cm 410 0$12001 454 1$12001 461 1$1001000285378$12001 606 0 $aDiritto penale$yGana 676 $a341.77 700 1$aMENSA-BONSU,$bHenrietta J. A. N.$0595553 801 0$aIT$bsalbc$gISBD 912 $a990002853790203316 951 $aXXIII.1.L. 170 1 (IG VIII 9 ING 640/1)$b52035 G.$cXXIII.1.L. 170 1 (IG VIII 9 ING)$d00119739 959 $aBK 969 $aGIU 979 $aIANNONE$b90$c20070112$lUSA01$h1132 979 $aRSIAV5$b90$c20091015$lUSA01$h0943 996 $aTheoretical basis of criminal liability$9992645 997 $aUNISA LEADER 01008nam a2200277 i 4500 001 991001301179707536 005 20020502190434.0 008 000622s|||| it ||| | ita 020 $a884641912X 035 $ab11492818-39ule_inst 035 $aPRUMB58427$9ExL 040 $aDip. SSSC$bita 082 0 $a371. 100 1 $aBondioli, Anna$0160210 245 10$aManuale di valutazione del contesto educativo :$bteorie, modelli, studi /$ca cura di Anna Bondioli e Monica Ferrari 260 $aMilano :$bFranco Angeli,$cc2000 300 $a396 p. ;$c23 cm. 490 0 $aCondizionamenti educativi ;$v51 650 4$aValutazione scolastica 700 1 $aFerrari, Monica 907 $a.b11492818$b01-03-17$c01-07-02 912 $a991001301179707536 945 $aLE021 DI9C43$g1$i2021000042362$lle021$o-$pE0.00$q-$rl$s- $t0$u7$v0$w7$x0$y.i11685335$z01-07-02 996 $aManuale di valutazione del contesto educativo$9813143 997 $aUNISALENTO 998 $ale021$b01-01-00$cm$da $e-$fita$git $h0$i1